000 00842cam a2200289 i 4500
001 41750
003 Mx-PuUPA
005 20240418130103.0
008 140415s1995 000 0 spa d
020 _a9682300185
040 _cMx-PuUPA
_aMx-PuUPA
_bspa
_dMx-PuUPA
_erda
041 _aspa
100 1 _aPortelli, Hugues
245 1 0 _aGramsci y el bloque histórico /
_b
_cHugues Portelli
250 _aDecimocuarta edición
260 _a
_b
_c
264 _aMéxico :
_bSiglo veintiuno editores,
_c1987
300 _a162 páginas ;
_c18 cm
336 _2rdacontent
_atexto
_btxt
337 _2rdamedia
_asin medio
_bn
338 _2rdacarrier
_avolumen
_bnc
502 _a
650 7 _a
_x
_2armarc
942 _2ddc
_cLI
_n
_h xxx
_iP832
999 _c41750
_d41750